<?xml version="1.0" encoding="UTF-8"?>
<marc:record xmlns:marc="http://www.loc.gov/MARC21/slim">
   <marc:leader>00000nam a2200000 a 4500</marc:leader>
   <marc:datafield ind1="1" ind2=" " tag="100">
      <marc:subfield code="a">Neuner,Christina</marc:subfield>
      <marc:subfield code="4">aut</marc:subfield>
      <marc:subfield code="e">Verfasser/-in</marc:subfield>
   </marc:datafield>
   <marc:datafield ind1=" " ind2=" " tag="653">
      <marc:subfield code="a">Kinderliteratur</marc:subfield>
   </marc:datafield>
   <marc:datafield ind1=" " ind2=" " tag="653">
      <marc:subfield code="a">Engel</marc:subfield>
   </marc:datafield>
   <marc:datafield ind1=" " ind2=" " tag="653">
      <marc:subfield code="a">Schutzengel</marc:subfield>
   </marc:datafield>
   <marc:datafield ind1=" " ind2=" " tag="653">
      <marc:subfield code="a">Engelvorstellung</marc:subfield>
   </marc:datafield>
   <marc:datafield ind1=" " ind2=" " tag="653">
      <marc:subfield code="a">Himmlische Boten</marc:subfield>
   </marc:datafield>
   <marc:datafield ind1="0" ind2="0" tag="245">
      <marc:subfield code="a">Schutzengel - IHRE KONSTANTE BEDEUTUNG IM RELIGIONSUNTERRICHT IN DER PRIMARSTUFE</marc:subfield>
   </marc:datafield>
   <marc:datafield ind1="0" ind2="0" tag="245">
      <marc:subfield code="b">im Rahmen der Lehrveranstaltung „Religiöse Sprache und Sprachfähigkeit“</marc:subfield>
   </marc:datafield>
   <marc:datafield ind1="0" ind2="0" tag="245">
      <marc:subfield code="c">Christina Neuner. Mag. Dr. Joachim Hawel</marc:subfield>
   </marc:datafield>
   <marc:datafield ind1=" " ind2="1" tag="264">
      <marc:subfield code="a">Stams</marc:subfield>
      <marc:subfield code="c">2020</marc:subfield>
   </marc:datafield>
   <marc:datafield ind1="1" ind2=" " tag="490">
      <marc:subfield code="a">Bachelorarbeit II-PDF</marc:subfield>
   </marc:datafield>
   <marc:datafield ind1="1" ind2=" " tag="520">
      <marc:subfield code="a">Abstract&lt;br/&gt;In dieser Bachelorarbeit wird erörtert, welche Rolle Schutzengel im heutigen katholi-schen Religionsunterricht in der Primarstufe spielen. Zuvor wird jedoch der Begriff „En-gel“ erklärt und erläutert, welche Rolle Engel in der Bibel, also im Alten und im Neuen Testament, aber auch in den apokryphen Schriften spielen. Eine Auswahl von verschie-denen Expertinnen- beziehungsweise Expertenansichten informiert, woher unsere Engel-vorstellungen kommen und wie man aktuell darüber denkt. Dazu werden Beispiele aus unserem Alltag aufgezählt, in welchen der persönliche Schutzengel selbstverständlich in Zeitungen sowie in der Werbung genannt wird. Ebenfalls wird beschrieben, wie Kinder mit ihren Vorstellungen von Engeln umgehen und wie man als Lehrperson mit ihnen dar-über spricht. Am Ende der Arbeit werden konkrete Beispiele für den Religionsunterricht zum Thema „Schutzengel“ genannt. Eigene Unterrichtsvorschläge runden die Arbeit ab.</marc:subfield>
   </marc:datafield>
   <marc:datafield ind1=" " ind2=" " tag="041">
      <marc:subfield code="a">ger</marc:subfield>
   </marc:datafield>
   <marc:datafield ind1=" " ind2=" " tag="542">
      <marc:subfield code="d">Mag. Dr. Joachim Hawel</marc:subfield>
   </marc:datafield>
   <marc:datafield ind1="1" ind2=" " tag="521">
      <marc:subfield code="a">0</marc:subfield>
   </marc:datafield>
   <marc:datafield ind1=" " ind2=" " tag="300">
      <marc:subfield code="a">33-PDF</marc:subfield>
   </marc:datafield>
</marc:record>
